[Event "Porticcio op 8th"]
[Site "Porticcio"]
[Date "2007.05.26"]
[Round "1"]
[White "Humeau, Cyril"]
[Black "Marliere, Cedric"]
[Result "1-0"]
[WhiteElo "2162"]
[BlackElo "1420"]
[PlyCount "65"]
[EventDate "2007.05.26"]
[EventType "swiss"]
[EventRounds "9"]
[EventCountry "FRA"]
[SourceTitle "EXT 2008"]
[Source "ChessBase"]
[SourceDate "2007.11.25"]
[SourceVersion "1"]
[SourceVersionDate "2007.11.25"]
[SourceQuality "1"]

1. e4 e5 2. Qh5 Nc6 3. Bc4 g6 4. Qf3 Nf6 5. Ne2 Bg7 6. d3 d6 7. h3 0-0 8. Nbc3 Qe8 9. Bg5 Qd8 10. Nd5 Kh8 11. Nxf6 h6 12. Nh7 hxg5 13. Nxf8 Qxf8 14. Qxf7 Qxf7 15. Bxf7 Bf6 16. Bxg6 Kg7 17. Bh5 Be6 18. Bg4 Bxg4 19. hxg4 Ne7 20. Ng3 Kg6 21. Nf5 d5 22. 0-0-0 dxe4 23. Rh6+ Kf7 24. Rh7+ Ke6 25. dxe4 Rg8 26. Ng3 Ng6 27. Ne2 Nf4 28. Nc3 c6 29. Na4 b6 30. b3 Nxg2 31. Nb2 Nf4 32. Nc4 b5 33. Rd6# 1-0

[Event "Corsica-chT"]
[Site "Porticcio"]
[Date "2007.04.01"]
[Round "4.5"]
[White "Marliere, Cedric"]
[Black "Rossi, Pascal"]
[Result "0-1"]
[WhiteElo "1400"]
[BlackElo "1851"]
[PlyCount "72"]
[EventDate "2007.03.07"]
[EventType "team"]
[EventRounds "9"]
[EventCountry "FRA"]
[SourceTitle "CBM 117 Extra"]
[Source "ChessBase"]
[SourceDate "2007.05.09"]
[SourceVersion "1"]
[SourceVersionDate "2007.05.09"]
[SourceQuality "1"]
[WhiteTeam "Echecs Club Ajaccien II"]
[BlackTeam "Corsica CC"]
[WhiteTeamCountry "FRA"]
[BlackTeamCountry "FRA"]

1. e4 c5 2. Nc3 d6 3. Nf3 g6 4. Bc4 e6 5. d3 Bg7 6. Bd2 Nc6 7. Ne2 Nf6 8. Bc3 a6 9. a4 0-0 10. 0-0 d5 11. exd5 exd5 12. Bb3 d4 13. Bd2 Bg4 14. Ng3 Ne5 15. Kh1 Qc8 16. Bf4 Nxf3 17. gxf3 Bh3 18. Rg1 Qc6 19. Ne4 b5 20. Qe2 Kh8 21. Bd6 Rae8 22. Bxf8 Bxf8 23. Bxf7 Re7 24. Bb3 c4 25. Ba2 Bg7 26. Rae1 Nh5 27. Qd1 Nf4 28. dxc4 Be5 29. Ng5 Qf6 30. Nxh3 Qh4 31. Rxe5 Rxe5 32. Rg4 Qxh3 33. Rxf4 Kg7 34. cxb5 axb5 35. Rf7+ Kh6 36. Qxd4 Re1# 0-1

[Event "Corsica-chT"]
[Site "Travo"]
[Date "2006.03.??"]
[Round "2.3"]
[White "Marliere, Cedric"]
[Black "Autran, Yann"]
[Result "0-1"]
[WhiteElo "1440"]
[BlackElo "1999"]
[PlyCount "50"]
[EventDate "2006.04.09"]
[EventType "team"]
[EventRounds "3"]
[EventCountry "FRA"]
[SourceTitle "EXT 2007"]
[Source "ChessBase"]
[SourceDate "2006.11.23"]
[SourceVersion "1"]
[SourceVersionDate "2006.11.23"]
[SourceQuality "1"]

1. e4 e6 2. d4 d5 3. e5 c5 4. Nf3 Nc6 5. Bb5 Bd7 6. Bxc6 Bxc6 7. Be3 b6 8. 0-0 Be7 9. Nc3 g5 10. Qe2 a6 11. a3 h5 12. h3 Nh6 13. Qd2 Nf5 14. Bxg5 Bxg5 15. Nxg5 Nxd4 16. Qf4 Qe7 17. Rac1 Rg8 18. Nf3 Nxf3+ 19. Qxf3 h4 20. Ne2 Kd7 21. Kh1 d4 22. Qf6 Bxg2+ 23. Kh2 Qxf6 24. exf6 Bxf1 25. Rxf1 Rg6 0-1